Přehled využití konceptu safe harbour pro stanovení převodních cen
Definícia Safe harbour podľa OECD. Prehľad súčasného využitia konceptu safe harbour v oblasti prevodných cien. Hlavné výhody a nevýhody zavádzania systému safe harbour. Rozdiely mezi CCA (Cost Contribution Arrangements) a službami. Safe harbour vo svete a v ČR. Popis systému nízkej kapitalizácie.
Salvato in:
| Autore principale: | |
|---|---|
| Natura: | Capitolo di libro |
| Lingua: | ceco |
| Soggetti: | |
| Tags: |
Nessun Tag, puoi essere il primo ad aggiungerne!!
|
MARC
| LEADER | 00000nla a2200000 4500 | ||
|---|---|---|---|
| 001 | 0230354 | ||
| 005 | 20240417075117.8 | ||
| 041 | 0 | |a cze | |
| 044 | |a CZ | ||
| 245 | 1 | 0 | |a Přehled využití konceptu safe harbour pro stanovení převodních cen |c Michal Kolář |
| 520 | |a Definícia Safe harbour podľa OECD. Prehľad súčasného využitia konceptu safe harbour v oblasti prevodných cien. Hlavné výhody a nevýhody zavádzania systému safe harbour. Rozdiely mezi CCA (Cost Contribution Arrangements) a službami. Safe harbour vo svete a v ČR. Popis systému nízkej kapitalizácie. | ||
| 610 | 2 | 0 | |a kapitalizácia |
| 610 | 2 | 0 | |a štandardy medzinárodné |
| 610 | 2 | 0 | |a správa daňová |
| 610 | 2 | 0 | |a tvorba cien |
| 100 | 1 | |a Kolář, Michal | |